000 01523nam a22004097a 4500
003 CHAP
005 20220329143256.0
008 071204s2007 mx r 00010 spa d
010 _a94309
011 _a95281
035 _a105900
040 _cCHAP
090 _aTesis
100 1 _aFernández Olea, Olga Lidia.
_940253
245 1 0 _aContenido de proteína en forraje verde hidropónico (FVH) de trigo
_c/por Olga Lidia Fernández Olea
260 _aChapingo, Méx. :
_bEl autor,
_c2007.
300 _a44 h. :
_bilus. ; cuadros
502 _aTesis (Ing. Agr. Esp. en Fitotecnia) -- UACH. Departamento de Fitotecnia
530 _aTambién disponible en línea
590 _aALEPH
_b10
_c20130110
_lUCH01
_h1521
590 _aBATCH-UPD
_b10
_c20130110
_lUCH01
_h0742
590 _aBATCH-UPD
_b10
_c20130410
_lUCH01
_h0423
590 _aBATCH-UPD
_b10
_c20130914
_lUCH01
_h1356
590 _aBATCH-UPD
_b10
_c20140324
_lUCH01
_h1505
590 _aBATCH-UPD
_b10
_c20141002
_lUCH01
_h0835
590 _aCONVERSION
_b10
_c20130109
_lUCH01
_h1352
650 1 4 _aForrajes
_xRendimiento.
_942593
650 1 4 _aHidroponía.
_955280
650 1 4 _aPlantas forrajeras
_xProteínas.
_988978
650 1 4 _aTrigo como forraje.
_9115135
856 _3Finding aid
_uhttp://10.13.5.2/tesis/105900.pdf
_zTeclea aqui
901 _aBK
905 _aElisama A. H.
942 _cFOLL
949 _aTesis
_bBC
_cTES
_d33724002044892
_eTS2
_fc.2
_gDonaciØn
_h47441
_i105900
_sb
949 _aTesis
_bBC
_cTES
_d33724002044934
_eTS1
_gDonaciØn
_h47440
_i105900
_sb
999 _c94309
_d94309